Δοκίμιον ιστορικόν περί της Φιλικής Εταιρίας

Αποθηκεύτηκε σε:
Λεπτομέρειες βιβλιογραφικής εγγραφής
Κύριος συγγραφέας: Φιλήμων, Ιωάννης
Μορφή: Βιβλίο
Γλώσσα:Greek
Δημοσίευση: Αθήνα : Πελεκάνος, 2011.
Σειρά:Νεοελληνική γραμματεία (Πελεκάνος) ; 153
Θέματα:
Ετικέτες: Προσθήκη ετικέτας
Δεν υπάρχουν, Καταχωρήστε ετικέτα πρώτοι!

MARC

LEADER 00000cam a2200000 i 4500
001 1/18272
008 120309s2011 gr | ||| |||| ||gre||
020 |a 9789604005574 
035 |l 10112012 
040 |a GR-MY-UA  |b gre  |e aacr 
041 0 |a gre 
082 7 |a 938.487   |2 (22) 
100 1 |a Φιλήμων, Ιωάννης. 
245 1 0 |a Δοκίμιον ιστορικόν περί της Φιλικής Εταιρίας /   |c Ιωάννης Φιλήμων.  
260 |a Αθήνα :   |b Πελεκάνος,   |c 2011.  
300 |a 331 σ. ;   |c 18 εκ. 
490 1 |a (Νεοελληνική γραμματεία / Πελεκάνος ;   |v  153) 
500 |a Στη σειρά "Νεοελληνική Γραμματεία" των εκδόσεων Πελεκάνος, τα κείμενα είναι πλήρη και χωρίς συντομεύσεις. Ακολουθείται πιστά, η γλώσσα και η ορθογραφία του πρωτοτύπου.  
504 |a Περιλαμβάνει ευρετήριο.  
610 2 0 |a Φιλική Εταιρεία. 
651 0 |a Greece  |x History  |y 1821- 
651 0 |a Greece  |x History  |y War of Independence, 1821-1829. 
830 0 |a Νεοελληνική γραμματεία (Πελεκάνος)  |v  ; 153 
852 |a INST  |b LESVOS  |e 20120309  |h 938.487 ΦΙΛ  |p 005100050688  |q 005100050688  |t BK  |y 0 
901 |a BIBL1-2012-1 
909 |a Λ  |b 173494 
970 |a ΤΖΑΦΕΡΗ  |b ΕΥΑΓΓΕΛΙΑ  |z 2012/03/09